Normal view
MARC view
- Prats i Pijoan, Joan de Déu,
Entry Nombre Personal
001 - NUMERO DE CONTROL
- campo de control: 31547
003 - IDENTIFICADOR DE NUMERO DE CONTROL
- campo de control: UPN
005 - FECHA Y HORA DE LA ÜLTIMA TRANSACCIÓN
- campo de control: 20210219194424.0
008 - DATOS DE LONGITUD FIJA
- campo de control de longitud fija: nabaccnnaabn|||||||||| b |nc|||||d
035 ## - NUMERO DE CONTROL
- Número de control: UPN11000003653
040 ## - FUENTE DE CATALOGACIÓN
- Lenguaje de catalogación: SPA
- Agencia de transcripción: UPN
053 #4 - NÚMERO DE CLASIFICACIÓN LC
- Número de clasificación elemento-número único o número inicial de tramo: PQ6716 R2.7
100 1# - ENCABEZAMIENTO - NOMBRE PERSONAL
- Nombre personal: Prats i Pijoan, Joan de Déu,
- Fechas asociadas con el nombre: 1962-
400 1# - VEÁSE - NOMBRE DE PERSONA
- Personal name: Déu Prats, Joan de,
- Dates associated with a name: 1962-
400 1# - VEÁSE - NOMBRE DE PERSONA
- Personal name: Prats, Joan de Déu,
- Dates associated with a name: 1962-
670 ## - FUENTE EN LA QUE SE LOCALIZARON DATOS
- Cita de la fuente: T
- Uniform Resource Identifier: http://www.escriptors.cat/autors/pratsj/pagina.php?id_sec=1737
680 ## - NOTA PUBLICA DE ACCESO PÚBLICO
- Frase explicativa de la referencia: Escritor español
902 ## - CATALOGADOR
- Catalogador: CAA/141111
